000 00455nam a2200157 i 4500
001 49805
003 ES-MaACL
005 20230906162051.0
007 t|
008 030723s1973 sp ||||1| cat d
100 1 _aCovas, Antonio.
_941354
245 1 0 _aMatances d'un porc de son cabanes i molt més
_b: obra en tres actes /
_cAntoni Covas.
260 _aMallorca :
_b[s.n.],
_c1973.
300 _a80 p. ;
_c17 cm.
852 _aES-MaACL
_jC-54176
_bR.87038
999 _c49805
_d49805